German: A-Level Year 2 - Adjectives 2 - Statistics

General Stats
  • This quiz has been taken 25 times
  • The average score is 25 of 49
Answer Stats
Answer Hint % Correct
mutig Brave
86%
wöchentlich Weekly
86%
europäisch European
71%
friedlich Peaceful
71%
regimekritisch Critical of the regime
71%
bemerkenswert Remarkable
57%
besiedelt Populated/settled
57%
bevölkerungsreich Populous
57%
bunt Colourful
57%
eigenständig Independent
57%
gratis Complimentary/free of charge
57%
grausam Cruel
57%
lobenswert Commendable/praiseworthy
57%
parteiunabhängig Non-partisan
57%
selbstverständlich Self-evident
57%
sinnlos Pointless
57%
sogenannt So-called
57%
sparsam Economical/frugal
57%
treu Faithful/true
57%
veraltet Outdated
57%
vereint United
57%
verschlossen Closed
57%
wiederholt Repeated
57%
zweifellos Undoubted
57%
bedauerlich Regrettable
43%
begabt Gifted/talented
43%
begehrt Sought after
43%
bundesweit Nationwide
43%
deutlich Clear
43%
gezielt Targeted
43%
gut ausgebildet Well-educated
43%
künstlich Artificial
43%
langfristig Long-term
43%
minderwertig Inferior
43%
reichhaltig Rich
43%
selbstbewusst Confident/self-confident
43%
sinnvoll Make sense/useful/meaningful
43%
tätig Active
43%
übergreifend Overall/interdisciplinary
43%
unentbehrlich Indispensable/essential
43%
unerträglich Unbearable
43%
unumstritten Undisputed
43%
vertraut Familiar
43%
verworren Confused
43%
verwunderlich Surprising
43%
zusätzlich Additional
43%
benachteiligt Disadvantaged
29%
unbedingt Essential
29%
wünschenswert Desirable
29%
No matching quizzes found
Score Distribution
Percent of People with Each Score
Percentile by Number Answered
Your Score History
You have not taken this quiz